000 01955cam a22004214i 4500
003 PE-LiUPU
005 20260217101102.0
008 s1952 xxu gr 000 0 eng d
035 _a(Sirsi) a204392
040 _aPE-LiUPU
_bspa
_cPE-LiUPU
_erda
049 _aPRUA
082 0 4 _a230
_bB82
_221
100 1 _aBreckinridge Warfield, Benjamin,
_eautor.
245 1 0 _aBiblical and theological studies /
_cBenjamin Breckinridge Warfield.
264 1 _aPennsylvania :
_bPresbyterian,
_c1952.
300 _a580 páginas ;
_c20 centímetros.
336 _atext
_2rdacontent
337 _aunmediated
_2rdamedia
338 _avolume
_2rdacarrier
505 2 _aChristian supernaturalism -- The biblical doctrine of the trinity -- God our father and the lord Jesus christ -- The divine messiah in the old testament -- The spirit of God in the old testament -- The supernatural birth of Jesus -- The foresight of Jesus -- Misconception of Jesus, and blasphemy of the son of man -- On the antiquity and the unity of the human race -- Imputation -- Predestination -- Are they few that be saved? -- On the biblical notion of renewal -- On faith in its psychological aspects -- Faith -- Mysticism and christianity -- The prophecies of St. Paul -- God's immeasurable love -- The prodigal son -- The leading of the spirit -- False religions and the true.
526 _aSEG42
526 _aSEG41
526 _aSEG40
526 _aSEG39
526 _aP94
526 _aP87
526 _aP86
526 _aP85
526 _aP77
526 _aP76
526 _aP35
650 0 0 _aEstudios bíblicos
_95736
942 _2ddc
_cBOOK
994 _aC0
_bPEPRU
596 _a1
999 _a230 B82
_wLC
_c20753
_i76261
_f2021-11-9
_g4
_lCCODEBUL1
_mBUL
_p15.00
_r0
_sY
_tBOOK
_u2017-6-15
_xTEOLOGIA
_PP85
_0COMPRA
_o.STAFF. Colección Teología
_d20753
980 _818226
_gJaime Vilcazán Jefe de Análisis Documental